Music Quiz

Random Music or Kpop Quiz

Kpop Songs August 2017 (Clickable) Quiz Stats

 Plays Quiz not verified by Sporcle

Score 0/30 Timer 10:00
0 Plays Today
% Correct
Wanna One
95.3%
Samuel
89.9%
Girls Generation
89.9%
NCT Dream
86.5%
WINNER
85.6%
GFRIEND
84.6%
WINNER
84.6%
Pristin
82.6%
Girls Generation
82.4%
ONF
74%
VIXX LR
73%
Golden Child
70.5%
Taeyang
67%
DAY6
65.7%
Taeyang
63.9%
% Correct
The Rose
61.6%
Loco
60.9%
N.Flying
58.8%
CLC
56.3%
MOMOLAND
53.5%
Boyfriend
53.3%
9MUSES
52%
Henry
49.2%
VICTON
49.1%
Jane Jang, Giant Pink, PERC%NT
44.4%
Minhyuk (BTOB)
43.7%
Blanc7
43.6%
Park Kyung(Block B)
40.9%
Ilhoon (BTOB)
40.3%
Sungjae (BTOB)
40%

You're not logged in!

Compare scores with friends on all Sporcle quizzes.
OR
Log In

Sporcle TV

Today on Sporcle TV


Watch our educational content, quiz creation guides, and fun videos on Sporcle TV.

Show Comments

Extras

Top Quizzes Today


Score Distribution

Your Account Isn't Verified!

In order to create a playlist on Sporcle, you need to verify the email address you used during registration. Go to your Sporcle Settings to finish the process.

Report this User

Report this user for behavior that violates our Community Guidelines.

Details: